000
00290nam a2200109Ia 4500
008
230822s2008 xx 000 0 und d
041
_a
eng
100
_a
C.S.I.INSTITUTE OF TECHNOLOGY
245
_a
NASA INFORMATION AND DOCUMENTATION 2006 HUDCO TROPHY
260
_b
NA
_c
2008
300
_a
208
999
_c
861741
_d
861741